000 00321nam a22001217a 4500
008 230731b xxu||||| |||| 00| 0 eng d
020 _a0706923359
082 _a355
_bKAU 1983
245 _aThe Indian Ocean
_bA Strategic Dimension
260 _aIndia
_bVikas Publishing House
_c1983
300 _aVIII,107p
942 _2ddc
_cBK
999 _c4013
_d4013